| 000 | 00594nam a2200157 a 4500 | ||
|---|---|---|---|
| 001 | 000024521 | ||
| 005 | 20200930023222.0 | ||
| 008 | 110128s1973 mx a r 001 0 spa d | ||
| 040 |
_aDO-SdBNP _bspa _cBNPHU |
||
| 082 |
_ann* _bnn* |
||
| 100 | 1 |
_aKent Jones, Richard. _950249 |
|
| 245 | 1 | 0 |
_aMétodos didácticos audiovisuales / _cRichard Kent Jones. |
| 260 |
_aMéxico, D. F. : _bInstituto Latinoamericano de la Comunicación Educatica (Unesco-México) ; _bCentro Regional de Ayuda Técnica. Agencia para el Desarrollo Internacional, _c1973. |
||
| 300 |
_a283 p. : _bil. ; _c21 cm. |
||
| 049 | _aBNGR | ||
| 999 |
_c24014 _d24014 |
||